China's model of development: lessons for Pakistan (Record no. 541263)
[ view plain ]
| 000 -LEADER | |
|---|---|
| fixed length control field | 00427nam a22001337a 4500 |
| 020 ## - INTERNATIONAL STANDARD BOOK NUMBER | |
| International Standard Book Number | 9789697947027 |
| 082 ## - DEWEY DECIMAL CLASSIFICATION NUMBER | |
| Classification number | 338.95491 JAV |
| 100 ## - MAIN ENTRY--PERSONAL NAME | |
| Personal name | Ambassador (R) Syed Hasan Javed |
| 245 ## - TITLE STATEMENT | |
| Title | China's model of development: lessons for Pakistan |
| Statement of responsibility, etc. | Ambassador (R) Syed Hasan Javed |
| 260 ## - PUBLICATION, DISTRIBUTION, ETC. | |
| Place of publication, distribution, etc. | Karachi |
| Name of publisher, distributor, etc. | New Fakhri Printing Press |
| Date of publication, distribution, etc. | 2020 |
| 300 ## - PHYSICAL DESCRIPTION | |
| Extent | 322p |
| 942 ## - ADDED ENTRY ELEMENTS (KOHA) | |
| Source of classification or shelving scheme | |
| Koha item type | Book |
| Withdrawn status | Lost status | Source of classification or shelving scheme | Materials specified (bound volume or other part) | Damaged status | Not for loan | Permanent Location | Current Location | Shelving location | Date acquired | Source of acquisition | Total Checkouts | Total Renewals | Full call number | Barcode | Date last seen | Date last checked out | Price effective from | Koha item type |
|---|---|---|---|---|---|---|---|---|---|---|---|---|---|---|---|---|---|---|
| Donated by Ambassador (R) Syed Hasan Javed | Central Library (CL) | Central Library (CL) | Chinese Studies | 02/11/2021 | Donation | 1 | 2 | 338.95491 JAV | CL-D-1053 | 01/31/2022 | 09/29/2021 | 02/11/2021 | Book | |||||
| Donated by Pro Rector Acad | Central Library (CL) | Central Library (CL) | Chinese Studies | 05/05/2021 | Donation | 338.95491 JAV | CL-D-1068 | 03/14/2022 | 05/05/2021 | Book |
